000 00756nam a2200181 i 4500
001 112333
003 ES-MaACL
005 20231229062527.0
007 t|
008 061121s1932 sp r ||||1| spa d
100 1 _aOrtega y Gasset, José,
_d1883-1955
_987503
245 1 0 _aObras /
_cJosé Ortega y Gasset.
260 _aMadrid :
_bEspasa Calpe,
_c1932.
300 _a1410 p. ;
_c25 cm.
505 8 _aContiene: Meditaciones del Quijote ; Vieja y nueva política ; El espectador ; El tema de nuestro tiempo ; Las Atlántidas ; Kant ; La deshumanización del arte e ideas sobre la novela ; Espiritu de la letra , Mirabeau o el político ; La rebelión de las masas ; Misión de la universidad.
852 _aES-MaACL
_jA-1316
999 _c112333
_d112333